=LDR 00000nam 2200000 4500 =001 INLIS000000000042200 =005 20131008015003 =008 ***********************************Ind** =035 ##$$0010-101300000000122 =041 ##$$a Ind =082 ##$$a 353.009 =090 ##$$a 353.009, Suj b.1 =100 ##$$a Sujatmo,, IR =245 ##$$a Beberapa Pengetian di Bidang Pegawasan, IR. Sujatmo =260 ##$$a 1986 $b Jakarta =300 ##$$a 206 hlm, 20.5 cm =850 ##$$a NBPNMAT